| 000 | 00947nam a2200253 a 4500 | ||
|---|---|---|---|
| 003 | CBULib | ||
| 005 | 20240815090706.0 | ||
| 008 | 180906s2017 ||||||||||||||||| || u | ||
| 040 |
_aCBULib _bCBUlib _cCBUlib _dCBUlib _erda |
||
| 041 | _aeng | ||
| 050 | _aUNCTAD(058)WIRO/2017 | ||
| 110 | _aUnited Nations Conference on Trade and Development (UNCTAD) | ||
| 245 | 1 | 0 |
_aWorld Investment Report 2017 : investment and the digital economy : kye message and overview _c/ by United Nations Conference on Trade And Development (UNCTAD) |
| 260 |
_aNew York : _bUnited Nations, _c2017 |
||
| 300 | _axiv, 42 pages : illustrations | ||
| 336 |
_2rdacontent _aText | _btxt |
||
| 337 |
_2rdamedia _aUnmediated | _bn |
||
| 338 |
_2rdacarrier _aVolume _bnc |
||
| 650 | 0 |
_92660 _aINVESTMENT |
|
| 650 | 0 |
_92475 _aDIGITAL ECONOMY |
|
| 650 | 0 |
_aWORLD INVESTMENT REPORT _92664 |
|
| 942 |
_2mc _c029 |
||
| 999 |
_c62117 _d62117 |
||